• 首页
  • 本馆介绍
  • 公告通知
  • 最新文献
  • 馆藏检索
  • 电子资源
  • 读者导购
  • 参考咨询
  • 我的图书馆
  • 登录
  • 详细信息显示
  • 放入我的书架
  • 预约/预借图书
  • 作者相关作品
  • 分类相关作品
  • 丛书相关作品
  • 出版社相关作品

书目信息

  • 表格格式
  • 工作单格式
  • 卡片格式
题名:
椭圆与抛物型方程引论
    
 
作者: 伍卓群 著
分册:  
出版信息: 北京   科学出版社  2003
页数: 269页
开本: 24cm
丛书名: 现代数学基础丛书
单 册:
中图分类: O175.2
科图分类:
主题词: 椭圆型方程 , 抛物型方程
电子资源:
ISBN: 7-03-011435-3
000 00831oam2 2200253 450
001 0709000117
005 20070531125602.57
010    @a7-03-011435-3@dCNY35.00
100    @a20031010e20062003em y0chiy0110 ea
101 0  @achi
102    @aCN@b110000
105    @ay z 000yy
200 1  @a椭圆与抛物型方程引论@Atuo yuan yu pao wu xing fang cheng yin lun@f伍卓群等著
210    @a北京@c科学出版社@d2003@h2006
215    @a269页@d24cm
225 2  @a现代数学基础丛书@v87
330    @a本书内容将椭圆型方程与抛物型方程这两个偏微分方程领域的重要分支融为一体,涵盖了这两类方程有关的基本理论和基本方法。
461  0 @12001 @a现代数学基础丛书@v87
606 0  @a椭圆型方程
606 0  @a抛物型方程
690    @aO175.2@v4
701  0 @a伍卓群@Awu zhuo qun@4著
801  0 @aCN@bTAOJIN新华发行集团@c20070531
905    @a10447@dO175.2@e118
    
    椭圆与抛物型方程引论/伍卓群等著.-北京:科学出版社,2003(2006)
    269页;24cm.-(现代数学基础丛书;87)
    
    
    ISBN 7-03-011435-3:CNY35.00
    本书内容将椭圆型方程与抛物型方程这两个偏微分方程领域的重要分支融为一体,涵盖了这两类方程有关的基本理论和基本方法。
●
相关链接 在E读中查询图书 在五车中查询图书 在当当中查询图书 在豆瓣中查询图书


正题名:椭圆与抛物型方程引论     索取号:O175.2/118         预约/预借

序号 登录号 条形码 馆藏地/架位号 状态 备注
1 0523941   205239419   第二样本阅览室/ [索取号:O175.2/118] 在馆    
2 0523942   205239428   第三借阅区/ [索取号:O175.2/118] 在馆    
3 0523943   205239437   第三借阅区/ [索取号:O175.2/118] 在馆    
唐山师范学院图书馆 欢迎您!
大连网信软件有限公司© 版权所有